• 首页
  • 本馆介绍
  • 公告通知
  • 最新文献
  • 馆藏检索
  • 电子资源
  • 读者导购
  • 参考咨询
  • 我的图书馆
  • 登录
  • 详细信息显示
  • 放入我的书架
  • 预约/预借图书
  • 作者相关作品
  • 分类相关作品
  • 丛书相关作品
  • 出版社相关作品

书目信息

  • 表格格式
  • 工作单格式
  • 卡片格式
题名:
入党基础知识
    
 
作者: 河北人民广播电台政教部 编 ;中共河北省委组织部党员管理处 编
分册:  
出版信息: 北京   中国广播电视出版社  1985
页数: 126页
开本: 19cm
丛书名:
单 册:
中图分类: D219
科图分类: 33.121
主题词: 中国共产党--基本知识--教材
电子资源:
ISBN:
000 00944nam0 2200253 45
001 0191022868
005 20070713083549.15
010    @dCNY0.60
091    @aCN@b3236.013
100    @a19910911d1985 em y0chiy0121 ea
101 0  @achi
102    @aCN@b110000
105    @ay z 000yy
200 10 @a入党基础知识@ARU DANG JI CHU ZHI SHI@f中共河北省委组织部党员管理处,河北人民广播电台政教部编@Fzhong gong he bei sheng wei zu zhi bu dang yuan guan li chu,he bei ren min guang bo dian tai zheng jiao bu bian
210    @a北京@c中国广播电视出版社@d1985
215    @a126页@d19cm
540 1  @a入党@ARU DANG
606    @a中国共产党@x基本知识@x教材
690    @aD219
692    @a33.121
701  0 @a河北人民广播电台政教部@Ahe bei ren min guang bo dian tai zheng jiao bu@4编
711 02 @a中共河北省委组织部党员管理处@Azhong gong he bei sheng wei zu zhi bu dang yuan guan li chu@4编
801  0 @aCN@bTSSF@c20070713
905    @a10447@dD219@e135
    
    入党基础知识/中共河北省委组织部党员管理处,河北人民广播电台政教部编.-北京:中国广播电视出版社,1985
    126页;19cm
    
    
    ISBN :CNY0.60
    
●
相关链接 在E读中查询图书 在五车中查询图书 在当当中查询图书 在豆瓣中查询图书


正题名:入党基础知识     索取号:D219/135         预约/预借

序号 登录号 条形码 馆藏地/架位号 状态 备注
1 0765875   207658756   第一样本阅览室/ [索取号:D219/135] 在馆    
唐山师范学院图书馆 欢迎您!
大连网信软件有限公司© 版权所有